The physics of medical imaging
I tiakina i:
| Kaituhi matua: | |
|---|---|
| Hōputu: | Pukapuka |
| Reo: | Ingarihi |
| I whakaputaina: |
Bristol
Institute of Physics
1993
|
| Rangatū: | Medical Science Series
|
| Ngā marau: | |
| Ngā Tūtohu: |
Tāpirihia he Tūtohu
Kāore He Tūtohu, Me noho koe te mea tuatahi ki te tūtohu i tēnei pūkete!
|
MARC
| LEADER | 00000nam a2200000 a 4500 | ||
|---|---|---|---|
| 001 | UCM0725 | ||
| 003 | CL-VaPUC | ||
| 008 | 020308e19930000UK |||||||||||||||||eng|d | ||
| 082 | 0 | 4 | |a 616.0757 |b WEB |2 21 |
| 100 | 0 | |a Webb, Steve |e author |9 467662 | |
| 245 | 1 | 4 | |a The physics of medical imaging |
| 300 | |a 633 p | ||
| 942 | |c BK | ||
| 945 | |d 20020308 00:00:00 |a vberengu | ||
| 260 | |a Bristol |b Institute of Physics |c 1993 | ||
| 650 | 0 | |a Diagnóstico médico |9 306819 | |
| 650 | 0 | |a Rayos X |9 313670 | |
| 650 | 0 | |a Tomografía |9 467663 | |
| 650 | 7 | |a RESONANCIA MAGNETICA NUCLEAR |2 CL-VaPUC |9 370332 | |
| 583 | |a last modification |c 20170531 10:12:16 |k Rodrigo Vera | ||
| 490 | 0 | |a Medical Science Series | |
| 999 | |c 299562 |d 299560 | ||
| 952 | |0 0 |1 0 |4 0 |6 616_075700000000000_WEB_1993 |7 0 |8 A |9 356226 |a BIBCUR |b BIBCUR |d 2019-11-21 |i 3784886 |o 616.0757 WEB 1993 |p 3784886 |r 2025-04-22 |w 2019-11-21 |y BK |k FIS | ||